Implicit measures of attitudes / (Record no. 529545)

000 -LEADER
fixed length control field 01272cam a2200313 a 4500
001 - CONTROL NUMBER
control field 14421119
003 - CONTROL NUMBER IDENTIFIER
control field NUST
005 - DATE AND TIME OF LATEST TRANSACTION
control field 20190927150954.0
008 - FIXED-LENGTH DATA ELEMENTS--GENERAL INFORMATION
fixed length control field 060620s2007 nyua b 001 0 eng
010 ## - LIBRARY OF CONGRESS CONTROL NUMBER
LC control number 2006020538
020 ## - INTERNATIONAL STANDARD BOOK NUMBER
International Standard Book Number 1593854021 (hardcover)
038 ## - RECORD CONTENT LICENSOR
Staff Name waseem
040 ## - CATALOGING SOURCE
Original cataloging agency DLC
Transcribing agency DLC
Modifying agency DLC
050 00 - LIBRARY OF CONGRESS CALL NUMBER
Classification number HM1181
Item number .I46 2007
082 00 - DEWEY DECIMAL CLASSIFICATION NUMBER
Classification number 152.40287
Author Mark WIT
245 00 - TITLE STATEMENT
Title Implicit measures of attitudes /
Statement of responsibility, etc. edited by Bernd Wittenbrink, Norbert Schwarz.
260 ## - PUBLICATION, DISTRIBUTION, ETC.
Place of publication, distribution, etc. New York :
Name of publisher, distributor, etc. Guilford Press,
Date of publication, distribution, etc. c2007.
300 ## - PHYSICAL DESCRIPTION
Extent x, 294 p. :
Other physical details ill. ;
Dimensions 24 cm.
504 ## - BIBLIOGRAPHY, ETC. NOTE
Bibliography, etc. note Includes bibliographical references and index.
650 #0 - SUBJECT ADDED ENTRY--TOPICAL TERM
Topical term or geographic name entry element Attitude (Psychology)
General subdivision Testing.
9 (RLIN) 21800
650 #0 - SUBJECT ADDED ENTRY--TOPICAL TERM
Topical term or geographic name entry element Social psychology
General subdivision Research
-- Methodology.
9 (RLIN) 21801
700 1# - ADDED ENTRY--PERSONAL NAME
Personal name Wittenbrink, Bernd.
9 (RLIN) 21802
700 1# - ADDED ENTRY--PERSONAL NAME
Personal name Schwarz, Norbert,
Titles and other words associated with a name Dr. phil.
9 (RLIN) 21803
856 41 - ELECTRONIC LOCATION AND ACCESS
Materials specified Table of contents only
Uniform Resource Identifier <a href="http://www.loc.gov/catdir/toc/ecip0616/2006020538.html">http://www.loc.gov/catdir/toc/ecip0616/2006020538.html</a>
856 42 - ELECTRONIC LOCATION AND ACCESS
Materials specified Contributor biographical information
Uniform Resource Identifier <a href="http://www.loc.gov/catdir/enhancements/fy0704/2006020538-b.html">http://www.loc.gov/catdir/enhancements/fy0704/2006020538-b.html</a>
906 ## - LOCAL DATA ELEMENT F, LDF (RLIN)
a 7
b cbc
c orignew
d 1
e ecip
f 20
g y-gencatlg
942 ## - ADDED ENTRY ELEMENTS (KOHA)
Source of classification or shelving scheme
Koha item type Book
Holdings
Withdrawn status Lost status Source of classification or shelving scheme Damaged status Not for loan Permanent Location Current Location Date acquired Total Checkouts Full call number Barcode Date last seen Price effective from Koha item type
          Central Library (CL) Central Library (CL) 09/27/2019   152.40287 WIT NBSP-293 09/27/2019 09/27/2019 Book
© 2023 Central Library, National University of Sciences and Technology. All Rights Reserved.